Bagawat

Saved in:

Main Author: Gérard Roquet

Other Authors: Victor Ghica

Format: Book

Language: Undetermined

Published: Cairo Institut français d'archéologie orientale 2025

Series: MIFAO 158

Subjects:

Tags: Add Tag

No Tags, Be the first to tag this record!

Call Number: (F)DT57 .C185 v.158

LEADER 00854nam a22002417a 4500
005 20260427122549.0
008 260427t2025||||xx abe |||||||||| ||und||
020 |a 9782724710939 
050 1 4 |a (F)DT57  |b .C185 v.158 
100 0 |a Gérard Roquet 
245 1 0 |a Bagawat   |c Gérard Roquet 
264 1 |a Cairo  |b Institut français d'archéologie orientale  |c 2025 
300 |a 388 pages  |b illustrations, folded map, plans  |c 33 cm 
490 0 |a MIFAO 158 
500 |a Includes bibliographical references (pages [347]-361) and indexes. 
500 |a Mémoires de l'Ifao = Mémoires publiés par les membres de l'Institut français d'archéologie du Caire 
650 4 |a Catalogs 
650 4 |a Coptic inscriptions 
650 4 |a Egypt 
650 4 |a Inscriptions pariétales et graffites coptes et copto-grecs 
700 0 |a Victor Ghica 
942 |2 lcc 
999 |c 61889  |d 61889